Bureaucracy in action (Record no. 443153)

000 -LEADER
fixed length control field 00447cam a22001577a 4500
008 - FIXED-LENGTH DATA ELEMENTS--GENERAL INFORMATION
fixed length control field 180718b2012 xxu||||| |||| 00| 0 eng d
020 ## - INTERNATIONAL STANDARD BOOK NUMBER
International Standard Book Number 9788131605257
082 ## - DEWEY DECIMAL CLASSIFICATION NUMBER
Classification number K18x54 Sr38
245 ## - TITLE STATEMENT
Title Bureaucracy in action
Statement of responsibility, etc. edited by I.C. Srivastava, B.D. Joshi
260 ## - PUBLICATION, DISTRIBUTION, ETC.
Place of publication, distribution, etc. Jaipur
Name of publisher, distributor, etc. Rawat
Date of publication, distribution, etc. 2012
300 ## - PHYSICAL DESCRIPTION
Extent 221p.
650 ## - SUBJECT ADDED ENTRY--TOPICAL TERM
Topical term or geographic name entry element Public administration -- India
650 ## - SUBJECT ADDED ENTRY--TOPICAL TERM
Topical term or geographic name entry element Bureaucracy -- India
700 ## - ADDED ENTRY--PERSONAL NAME
Personal name Joshi, B.D.
700 ## - ADDED ENTRY--PERSONAL NAME
Personal name Srivastava, I.C.
Holdings
Withdrawn status Lost status Damaged status Not for loan Permanent Location Current Location Date acquired Full call number Barcode Date last seen Price effective from Koha item type Source of classification or shelving scheme
        Indian Institute of Public Administration Indian Institute of Public Administration 2013-05-21 K18x54 Sr38 85099 2018-07-21 2018-07-21 Book  
        Indian Institute of Public Administration Indian Institute of Public Administration 2021-04-09 TNC K18x54 Sr38 GR23411 2021-04-09 2021-04-09 GR  

Powered by Koha